000 00255nam a22000857a 4500
008 160820b xxu||||| |||| 00| 0 eng d
100 _9188
_aMaanu Graphics
245 _aSardar Patel, Veer Sarakar, Subhash Chandra Bose
260 _aNew Delhi
_bMaanu Graphics
_c2012
999 _c2846
_d2846